000 00480cam a22001457a 4500
008 180718b1999 xxu||||| |||| 00| 0 eng d
100 _aOlarreaga, Marcelo
245 _aWhat's behind mercosur's common external tariff
_cby Marcelo Olarreaga, Isidro Soloaga and Alan Winters
260 _aWashington, D.C.
_bWorld Bank
_c1999
300 _a41p.
440 _aPolicy research working paper 2231
650 _aExternal tariff
700 _aWinters, Alan
700 _aSoloaga, Isidro
999 _c283241
_d283241